| 000 | 01242nam0a22002771 4500 | ||
|---|---|---|---|
| 001 | rc\2233725 | ||
| 005 | 20260406211356.0 | ||
| 035 | _a(NLR Aleph) 006709825 | ||
| 090 |
_a5330994 _c5330994 |
||
| 100 | _a20110829d1978 |||y0rusy50 ca | ||
| 101 | 0 | _arus | |
| 102 | _aRU | ||
| 105 | _ay c ||||| | ||
| 200 | 1 |
_aУказания по бухгалтерскому учету в научно-исследовательских и проектно-конструкторских организациях угольной промышленности _fВНИИ упр. "ВНИИУуголь" |
|
| 210 |
_aМосква _cБ. и. _d1978 |
||
| 215 |
_a188 с. _d20 |
||
| 606 |
_aПроектные институты угольной промышленности _xУчет и отчетность _2psbo |
||
| 606 |
_aНаучно- исследовательские угольные институты _xУчет и отчетность _2psbo |
||
| 712 | 0 | 2 |
_aВНИИ упр. угольной промышленности _3RU\NLR\AUTH\889968481 _9433367 |
| 801 | 0 |
_aRU _bNLR _gpsbo |
|
| 801 | 1 |
_aRU _bELAR _2rusmarc |
|
| 852 |
_aNLR _j79-3/2161 |
||
| 899 |
_aRuMoRGB _jБ 78-25/2515 |
||
| 899 |
_aRuMoRGB _jБ 78-25/2516 |
||
| 942 | _cBOOK | ||
| 980 | _aNB | ||